LEADER 02667nam 2200637 a 450 001 9910141412803321 005 20200520144314.0 010 $a3-527-64826-7 010 $a3-527-64824-0 010 $a1-283-71443-4 010 $a3-527-64827-5 035 $a(CKB)2670000000271945 035 $a(EBL)1048249 035 $a(OCoLC)818867088 035 $a(SSID)ssj0000796783 035 $a(PQKBManifestationID)12317405 035 $a(PQKBTitleCode)TC0000796783 035 $a(PQKBWorkID)10809904 035 $a(PQKB)11096808 035 $a(OCoLC)815281352 035 $a(MiAaPQ)EBC1048249 035 $a(Au-PeEL)EBL1048249 035 $a(CaPaEBR)ebr10617908 035 $a(CaONFJC)MIL402693 035 $a(PPN)249046504 035 $a(EXLCZ)992670000000271945 100 $a20121108d2012 uy 0 101 0 $aeng 135 $aur|n|---||||| 181 $ctxt 182 $cc 183 $acr 200 10$aPhotoinitiators for polymer synthesis$b[electronic resource] $escope, reactivity and efficiency /$fJean Pierre Fouassier and Jacques Laleve?e 210 $aWeinheim, Germany $cWiley-VCH$d2012 215 $a1 online resource (506 p.) 300 $aDescription based upon print version of record. 311 $a3-527-33210-3 320 $aIncludes bibliographical references and index. 327 $apt. 1. Basic principles and applications of photopolymerization reactions -- pt. 2. Radical photoinitiating systems -- pt. 3. Nonradical photoinitiating systems -- pt. 4. Reactivity of the photoinitiating system. 330 $aPhotoinitiating systems for polymerization reactions are largely encountered in a variety of traditional and high-tech sectors, such as radiation curing, (laser) imaging, (micro)electronics, optics, and medicine. This book extensively covers radical and nonradical photoinitiating systems and is divided into four parts: Basic principles in photopolymerization reactionsRadical photoinitiating systemsNonradical photoinitiating systemsReactivity of the photoinitiating system The four parts present the basic concepts of photopolymerizat 606 $aPolymerization 606 $aRadiation curing 606 $aPhotochemistry$xIndustrial applications 615 0$aPolymerization. 615 0$aRadiation curing. 615 0$aPhotochemistry$xIndustrial applications. 676 $a668.92 700 $aFouassier$b Jean Pierre$0624407 701 $aLaleve?e$b Jacques$0968789 801 0$bMiAaPQ 801 1$bMiAaPQ 801 2$bMiAaPQ 906 $aBOOK 912 $a9910141412803321 996 $aPhotoinitiators for polymer synthesis$92200897 997 $aUNINA LEADER 01584nam 2200457I 450 001 9910706861303321 005 20180223141653.0 035 $a(CKB)5470000002458854 035 $a(OCoLC)1024083120 035 $a(EXLCZ)995470000002458854 100 $a20180223j201712 ua 0 101 0 $aeng 135 $aurmn||||||||| 181 $ctxt$2rdacontent 182 $cc$2rdamedia 183 $acr$2rdacarrier 200 10$aCorrosion on Mars $ean investigation of corrosion mechanisms under relevant simulated martian environments /$fLuz M. Calle [and four others] 210 1$aJohn F. Kennedy Space Center, Florida :$cNational Aeronautics and Space Administration, John F. Kennedy Space Center,$dDecember 2017. 215 $a1 online resource (38 pages) $ccolor illustrations 225 1 $aNASA/TP ;$v2017-219743 300 $a"December 2017." 320 $aIncludes bibliographical references (pages 35-38). 517 $aCorrosion on Mars 606 $aMars environment$2nasat 606 $aCorrosion resistance$2nasat 606 $aSpacecraft construction materials$2nasat 606 $aRadiation effects$2nasat 606 $aOxidation$2nasat 615 7$aMars environment. 615 7$aCorrosion resistance. 615 7$aSpacecraft construction materials. 615 7$aRadiation effects. 615 7$aOxidation. 700 $aCalle$b Luz M.$01395427 712 02$aJohn F. Kennedy Space Center, 801 0$bGPO 801 1$bGPO 906 $aBOOK 912 $a9910706861303321 996 $aCorrosion on Mars$93453963 997 $aUNINA